Riconosci il Pokémon - Quiz n°128 - Statistics

Statistiche generali
  • Questo quiz è stato fatto 2 volte
  • Il punteggio medio è 7 su 10
Statistiche sulle risposte
Indizio Risposta % Corretto
Tipo Acqua / Elettro
100%
Stadio evoluzione Forma
100%
Generazione Seconda
100%
Altezza 0,5 m
50%
Peso 12,0 kg
50%
Tasso di cattura 190 (35.2%)
50%
Sesso 50% ♂, 50% ♀
50%
Abilità Assorbivolt; Risplendi; Assorbacqua
50%
Pokémon Chinchou
50%
Tasso di allevamento Lento
50%
Nessun quiz corrispondente trovato
Distribuzione punteggi
Percentuale di utenti per punteggio
Percentile per numero di risposta
I tuoi punteggi nel tempo
Non hai fatto questo quiz